Vzdělávání v cestovním ruchu

Analýza vzťahu moderných trendov v cestovnom ruchu a základných aspektov vzdelávania. Profil absolventa cestovného ruchu. Kľúčové aspekty kvality vzdelávania v cestovnom ruchu. Analýza systému vzdelávania v cestovnom ruchu v Českej republike (prípadová štúdia). Ukážka časti informačných okruhov serv...

Ausführliche Beschreibung

Gespeichert in:
Bibliographische Detailangaben
1. Verfasser: Zelenka, Josef
Format: Buchkapitel
Sprache:Tschechisch
Schlagworte:
Tags: Tag hinzufügen
Keine Tags, Fügen Sie das erste Tag hinzu!

MARC

LEADER 00000naa a2200000 4500
001 r039732
005 20230724105532.8
041 0 |a cze 
044 |a SK 
245 1 0 |a Vzdělávání v cestovním ruchu  |c Josef Zelenka 
520 |a Analýza vzťahu moderných trendov v cestovnom ruchu a základných aspektov vzdelávania. Profil absolventa cestovného ruchu. Kľúčové aspekty kvality vzdelávania v cestovnom ruchu. Analýza systému vzdelávania v cestovnom ruchu v Českej republike (prípadová štúdia). Ukážka časti informačných okruhov serveru pre cestovný ruch a hotelierstvo. 
610 2 0 |a ruch cestovný 
610 2 0 |a hotelierstvo 
610 2 0 |a absolventi 
610 2 0 |a vzdelávanie 
610 2 0 |a odbory študijné 
610 2 0 |a Česko 
610 2 0 |a štúdie prípadové 
100 1 |a Zelenka, Josef